[Event "Corus-B"]
[Site "Wijk aan Zee"]
[Date "2003.01.14"]
[Round "3"]
[White "Stellwagen, Daniel"]
[Black "Koneru, Humpy"]
[Result "1-0"]
[WhiteElo "2427"]
[BlackElo "2496"]
[Annotator "Huzman,A"]
[PlyCount "105"]
[EventDate "2003.01.14"]
[EventType "tourn"]
[EventRounds "13"]
[EventCountry "NED"]
[EventCategory "13"]
[SourceTitle "CBM 093"]
[Source "ChessBase"]
[SourceDate "2003.04.01"]
[SourceVersion "1"]
[SourceVersionDate "2003.04.01"]
[SourceQuality "1"]

1. e4 e5 2. Nf3 Nf6 3. Nxe5 d6 4. Nf3 Nxe4 5. d4 d5 6. Bd3 Nc6 7. O-O Be7 8. c4
Nb4 9. Be2 O-O 10. Nc3 Bf5 11. a3 Nxc3 12. bxc3 Nc6 13. Re1 Bf6 $6 14. cxd5
Qxd5 15. Bf4 (15. Nd2 Rfe8 16. Bf3 Qd7 17. Ne4 Be7 18. Ng3 Bg6 19. Ra2 Bf8 20.
Rae2 Rxe2 21. Qxe2 Rd8 22. h4 h6 23. h5 Bh7 24. Bg4 Qd5 25. Bf4 Bd6 26. Bxd6
Qxd6 27. a4 Kf8 28. Bf5 $36 {1-0 Felgaer,R-Pacheco,M/Yucay 2001/EXT 2002 (43)})
15... Rac8 16. Nd2 $1 {[%cal Ge2f3]} Qd7 (16... Rfe8 17. Bf3 Rxe1+ 18. Qxe1 Qd7
19. Ne4 Be7 20. Qd1 Bd6 $1 21. Bxd6 (21. Nxd6 $142 cxd6 22. Qb3 Na5 23. Qb4 b6
24. Qxd6 Rxc3 $132) 21... cxd6 22. Ng3 Ne7 $1 23. Nxf5 Nxf5 $132 {[%cal Yc8c3]
1/2-1/2 Short,N-Karpov,A/Prague 2002/CBM 89/[Huzman] (45)}) 17. Nb3 Rcd8 (17...
Rce8 18. Nc5 Qc8 19. Qa4 a5 20. Bf3 Rxe1+ 21. Rxe1 $36 {1/2-1/2 Shirov,
A-Kramnik,V/Monte Carlo 1999/CBM 69 ext (32)}) 18. Nc5 Qc8 19. Bf3 (19. Qb3 $5
Na5 20. Qa4 b6 21. Ba6 Qb8 22. Ne4 $36) 19... b6 (19... Na5 20. Ne4 (20. g4 b6
21. Ne4 Bxe4 22. Bxe4 g6 23. Qf3 c5 $132) 20... Bxe4 21. Bxe4 $16) 20. Ne4 Bxe4
21. Bxe4 $36 Ne7 22. Qf3 c6 (22... c5 23. d5 $16) 23. h4 Ng6 24. Bg5 $1 Bxg5
25. hxg5 Rd6 (25... c5 $142 26. d5 Qd7 27. c4 $16) 26. Bf5 Qd8 27. Qg4 f6 $2 {
[%mdl 16384]} (27... c5 $1 $132) 28. f4 fxg5 29. fxg5 Qc7 30. Re3 $40 {[%cal
Ge3h3]} Rdd8 (30... c5 31. Rh3 Qc6 32. Re1 $16) 31. Rh3 $18 Rxf5 32. Qxf5 Qe7
33. Qg4 Nf8 34. Rf1 Qxa3 35. g6 $1 Qe7 (35... Nxg6 36. Qe6+ Kh8 37. Qxg6 $18)
36. gxh7+ Nxh7 37. Qg6 Nf6 38. Rhf3 Rd6 39. Qf5 Re6 40. Rh3 a5 41. Qf4 b5 42.
Qh2 Kf7 43. Rh8 Kg6 44. Qg3+ Kf7 45. Qf3 Re4 46. Qh5+ Ke6 47. Qf5+ Kf7 48. g4
$1 Qe6 49. g5 Rg4+ 50. Kh1 Qe2 51. Qd7+ Kg6 (51... Qe7 52. Qxg4 $18) 52. Rxf6+
$1 gxf6 53. Rg8+ 1-0

[Event "Corus"]
[Site "Wijk aan Zee"]
[Date "2003.01.20"]
[Round "8"]
[White "Kramnik, Vladimir"]
[Black "Anand, Viswanathan"]
[Result "1/2-1/2"]
[WhiteElo "2807"]
[BlackElo "2753"]
[Annotator "Huzman,A"]
[PlyCount "102"]
[EventDate "2003.01.11"]
[EventType "tourn"]
[EventRounds "13"]
[EventCountry "NED"]
[EventCategory "18"]
[SourceTitle "CBM 093"]
[Source "ChessBase"]
[SourceDate "2003.04.01"]
[SourceVersion "1"]
[SourceVersionDate "2003.04.01"]
[SourceQuality "1"]

1. e4 e5 2. Nf3 Nf6 3. Nxe5 d6 4. Nf3 Nxe4 5. d4 d5 6. Bd3 Nc6 7. O-O Be7 8. c4
Nb4 9. Be2 O-O 10. Nc3 Bf5 11. a3 Nxc3 12. bxc3 Nc6 13. Re1 Re8 14. cxd5 Qxd5
15. Bf4 Rac8 16. h3 $5 $146 {A strong prophylactic move. It is very difficult
for Black to found a useful move now.} (16. c4 Qe4 17. Be3 Bf6 18. Ra2 b6 19.
h3 Na5 20. g4 (20. Bf1 Qc6 21. d5 Qd6 22. Nd4 Bd7 23. Qd3 c6 24. dxc6 Nxc6 $15
{0-1 Nedev,T-Gustafsson,J/Halkidiki 2002/CBM 92 no vc (85)}) 20... Bg6 21. g5
Be7 22. Ne5 Bd6 23. Nxg6 (23. Bd3 Qh4 24. Nxg6 hxg6 25. Qg4 Qxg4+ 26. hxg4 Bf4
27. Rae2 Bxe3 28. fxe3 c5 29. Kf2 Nc6 30. Kg3 cxd4 31. exd4 Rxe2 32. Rxe2 Nxd4
$17 {1/2-1/2 Svidler,P-Gelfand,B/Moscow 2002/CBM 91/[Huzman] (36)}) 23... hxg6
24. c5 Bf8 25. Bg4 Rcd8 26. Rae2 Qc6 $1 27. cxb6 {1/2-1/2 Anand,V-Adams,M/
Linares ESP 2002/(27)}) (16. Bd3 Bxd3 17. Qxd3 h6 18. c4 Qd7 19. Rad1 Bd6 20.
Be3 Rcd8 21. Qc3 Qf5 22. d5 Ne5 23. Nxe5 {1/2-1/2 Nedev,T-Pavasovic,D/Bled
2002/EXT 2003 (23)}) 16... Bf6 $6 (16... Be4 $5 17. Nd2 Bxg2 18. Bg4 $1 (18. c4
Qf5 19. Bg4 Qxf4 20. Bxc8 Rxc8 21. Kxg2 Qxd4 $44) 18... f5 (18... Bh1 $5 19. f3
f5 20. Bh5 g6 21. Kxh1 gxh5 22. Qb1 $1 $44) 19. Be2 b5 20. a4 (20. c4 Qxd4 21.
Be3 Qd6 22. Kxg2 f4 23. Ne4 Qg6+ 24. Ng3 Rcd8 25. Qb3 Qf7 26. Bh5 g6 27. Bf3
bxc4 28. Qb5 Nb8 29. Bxa7 fxg3 30. fxg3 Rd2+ 31. Re2 c6 32. Rxd2 cxb5 33. Bd5
$16) 20... a6 21. axb5 axb5 22. c4 Qxd4 23. Be3 Qd6 24. Kxg2 f4 25. Ne4 Qxd1
26. Rexd1 fxe3 27. cxb5 Nb4 $11) 17. Nh2 $1 Qa5 18. Bd2 (18. Ng4 Qxc3 19. Nxf6+
gxf6 20. Be3 Rcd8 $132 {[%csl Rd4]}) 18... Rcd8 19. Bf3 h6 (19... Qa6 20. Ng4
Be7 21. Ne3 Bd3 22. Nd5 Bd6 23. Bf4 $36) 20. Ng4 Bxg4 21. hxg4 Bg5 22. Bxg5
hxg5 (22... Rxe1+ 23. Qxe1 Qxg5 24. Rb1 $16) 23. Rxe8+ ({White missed good
opportunity to get advantage after} 23. Qc1 $1 {[%csl Rg5][%cal Gc1g5]} Rxe1+
24. Qxe1 Kf8 25. Rb1 Re8 26. Qc1 $1 $16) 23... Rxe8 24. Qd3 Nd8 $1 $14 25. g3
c6 26. Kg2 Ne6 27. Rb1 Re7 28. c4 Qc7 29. Rh1 Nf8 (29... g6 30. d5 cxd5 31.
cxd5 Qd6 32. Qc3 $36 {[%cal Gc3h8,Gh1h8,Gc3c8]}) 30. Qf5 Rd7 31. d5 cxd5 32.
Bxd5 Qd8 33. a4 ({The obvious move} 33. Rh5 $1 {was probably the best option
for White.} Qe7 (33... b5 34. Qxg5 (34. Qe5 $5 bxc4 35. Rxg5 g6 36. Bxc4 Rd4
37. Ba2 $16) 34... Qxg5 35. Rxg5 bxc4 36. Bxc4 $16) 34. c5 (34. Rxg5 g6 35. Qf4
Qxa3 $14) (34. Qxg5 Qxa3) 34... g6 35. Qxg5 Qxg5 36. Rxg5 Kg7 37. c6 bxc6 38.
Bxc6 Rd6 39. Rc5 $16 {and White has an extra pawn and good chances to win the
game.}) 33... b6 34. a5 (34. Rh5 $5 $16) 34... bxa5 $14 35. Ra1 Qf6 $1 36. Rxa5
Rc7 {[%cal Yf8e6,Ye6c5]} 37. Qxf6 gxf6 38. Kf3 Ne6 39. Ke3 (39. Ke4 Kf8 40. Kf5
Ke7 $14) 39... Kf8 40. f4 gxf4+ 41. gxf4 Nc5 42. Rb5 a6 43. Rb8+ Ke7 44. Ra8
Kd6 45. Kf3 Ke7 46. Kg3 Rd7 47. Rc8 Nd3 {Now Black is threatening by manouevre
Rd8-d6 to exchange the rooks.} 48. Be4 Nb4 $11 49. c5 (49. Rb8 Rd4) 49... Rd8
50. Rc7+ Rd7 51. Rc8 Rd8 1/2-1/2

[Event "FRA-chT Gp-A"]
[Site "France"]
[Date "2003.04.04"]
[Round "5.3"]
[White "Rausis, Igors"]
[Black "Bacrot, Etienne"]
[Result "1/2-1/2"]
[WhiteElo "2537"]
[BlackElo "2671"]
[Annotator "Huzman,A"]
[PlyCount "46"]
[EventDate "2003.01.31"]
[EventType "team"]
[EventRounds "7"]
[EventCountry "FRA"]
[SourceTitle "CBM 095"]
[Source "ChessBase"]
[SourceDate "2003.07.25"]
[SourceVersion "1"]
[SourceVersionDate "2003.07.25"]
[SourceQuality "1"]
[WhiteTeam "Gonfreville"]
[BlackTeam "Paris NAO"]
[WhiteTeamCountry "FRA"]
[BlackTeamCountry "FRA"]

1. e4 e5 2. Nf3 Nf6 3. Nxe5 d6 4. Nf3 Nxe4 5. d4 d5 6. Bd3 Nc6 7. O-O Be7 8. c4
Nb4 9. Be2 Be6 10. Qa4+ Qd7 11. Qxd7+ Kxd7 12. Nc3 Rhd8 $146 {This novelty
provides Black with an important tempo necessary to fully develop his pieces
and to avoid complications hunting Bacrot during his game against Shirov.} (
12... Nxc3 13. bxc3 Nc6 14. Rb1 dxc4 15. d5 Bxd5 16. Rd1 Ke6 17. Rxb7 Rab8 18.
Rxc7 Rhc8 19. Rxc6+ Rxc6 20. Nd4+ Kd7 21. Nf5 Rb1 22. Nxe7 Rxc1 23. Nxd5 Rxd1+
24. Bxd1 $16 {1-0 Shirov,A-Bacrot,E/Reykjavik 2003/CBM 94_01 (54)}) 13. a3 (13.
cxd5 Bxd5 (13... Nxc3 14. bxc3 Nxd5 15. c4 $36) 14. Nxd5 Nxd5 15. Re1 Nef6 16.
Bc4 Ke8 17. Bg5 Kf8 18. Re5 c6 19. Rae1 Re8 $11) 13... Nxc3 14. Ne5+ (14. bxc3
Nc6 15. Rb1 dxc4 16. Rxb7 Rab8 $11) 14... Ke8 15. bxc3 Nc6 $11 16. Nxc6 bxc6
17. cxd5 Bxd5 (17... cxd5 18. Bf4 Bd6 $11) 18. Re1 Kf8 {[%cal Yc6c5]} 19. Bf4 (
19. Be3 Rab8 $132 {[%cal Yb8b3]}) 19... Bd6 20. Bxd6+ cxd6 21. Bd3 g6 22. f3
Rdb8 23. Reb1 Ke7 1/2-1/2

[Event "Corus-B"]
[Site "Wijk aan Zee"]
[Date "2003.01.20"]
[Round "8"]
[White "Naiditsch, Arkadij"]
[Black "Koneru, Humpy"]
[Result "1-0"]
[WhiteElo "2585"]
[BlackElo "2496"]
[Annotator "Huzman,A"]
[PlyCount "55"]
[EventDate "2003.01.14"]
[EventType "tourn"]
[EventRounds "13"]
[EventCountry "NED"]
[EventCategory "13"]
[SourceTitle "CBM 093"]
[Source "ChessBase"]
[SourceDate "2003.04.01"]
[SourceVersion "1"]
[SourceVersionDate "2003.04.01"]
[SourceQuality "1"]

1. e4 e5 2. Nf3 Nf6 3. Nxe5 d6 4. Nf3 Nxe4 5. Nc3 Nf6 (5... Nxc3 6. dxc3) 6. d4
Be7 7. Bd3 Bg4 8. h3 Bh5 9. Be3 d5 $6 {[%csl Re5]} (9... Nc6 $5) 10. a3 c6 11.
g4 Bg6 12. Ne5 $36 Bxd3 13. Qxd3 Nfd7 14. O-O-O O-O 15. f4 b5 {[%cal Yb5b4]}
16. h4 {The possibilities of White attack on the king's side are much more
higher than Black one on the queen's side thanks to good coordination of their
pieces.} f6 17. Nf3 $1 b4 18. axb4 Bxb4 19. Nb1 Re8 20. h5 Qe7 21. Bd2 $1 {
[%cal Gh1e1]} Bxd2+ 22. Nbxd2 Qe3 $4 {[%mdl 8192]} (22... Qd6 23. Rhe1 Rxe1 24.
Rxe1 $16) (22... Nf8 $142 23. h6 (23. g5 Nbd7 24. h6 g6 25. f5 $40) 23... g6
24. Rhe1 Qf7 25. Rxe8 Qxe8 26. Re1 Qd8 27. Qe3 Nbd7 28. Qe7 $16) {[%tqu "En",
"Find how White can make use of tactical mistake of Black.","","","h1e1","",10]
} 23. Rhe1 $1 Qxd3 24. Rxe8+ Kf7 25. Rde1 $1 Qe4 (25... Ne5 26. cxd3 Nxd3+ 27.
Kc2 Nxe1+ 28. Rxe1 $18) 26. Nxe4 Kxe8 27. Nxf6+ Kf7 (27... Kd8 28. Re8+ Kc7 29.
Nxh7 $18) (27... Kf8 28. Re8+ Kf7 29. Ng5+ Kxf6 30. Re6#) 28. Ng5+ (28. Ng5+
Kxf6 (28... Kf8 29. Re8#) 29. Re6#) 1-0

[Event "Manila zt 3.2a"]
[Site "Manila"]
[Date "2001.04.25"]
[Round "3"]
[White "Khatanbaatar, Bazar"]
[Black "Donguines, Fernie"]
[Result "0-1"]
[WhiteElo "2481"]
[BlackElo "2425"]
[Annotator "Huzman,A"]
[PlyCount "50"]
[EventDate "2001.04.24"]
[EventType "swiss"]
[EventRounds "9"]
[EventCountry "PHI"]
[SourceTitle "CBM 083"]
[Source "ChessBase"]
[SourceDate "2001.07.05"]
[SourceVersion "1"]
[SourceVersionDate "2001.07.05"]
[SourceQuality "1"]

1. e4 e5 2. Nf3 Nf6 3. Nxe5 d6 4. Nf3 Nxe4 5. d4 d5 6. Bd3 Be7 7. O-O Bg4 8.
Re1 Nc6 9. c3 f5 10. Nbd2 Qd6 11. Qa4 O-O 12. Qb3 (12. c4 Qb4 (12... Nxd2 13.
Nxd2 dxc4 14. Qxc4+ Kh8 15. Nb3 Bf6 16. Re6 {1-0 Biava,M-Casafus,R/Lewkowitz
mem-B corr9498 1994/Corr 2000 (16)}) 13. Qc2 Bxf3 14. a3 Nxd4 15. axb4 Nxc2 16.
Bxc2 Bh5 17. Nxe4 dxe4 18. Bd2 Bf6 $17 {0-1 Tusa,T-Tammela,K/Kuopio 1992/EXT
97 (42)}) (12. Bb5 Nxd2 13. Nxd2 Rf6 14. Nb3 Rg6 15. Nc5 Bf3 16. g3 Bh4 17. Kf1
Bxg3 18. fxg3 Rxg3 19. Re6 Bg2+ 20. Kf2 Rf3+ 21. Kxg2 Rf2+ 22. Kxf2 Qxh2+ 23.
Ke1 {1-0 Dzhumaev,M-Babich,R/Bratislava 1993/TD (23)}) (12. h3 Bh5 13. Qb3 Kh8
14. Qxb7 Rab8 15. Qa6 Rb6 16. Qa4 g5 17. Nf1 g4 18. hxg4 fxg4 19. Bxe4 gxf3 20.
Ng3 dxe4 {0-1 Sharif,M-Chow,A/New York 1984/MCD (20)}) 12... Kh8 13. Qxb7 Rab8
14. Qa6 Rb6 $146 (14... Nxd2 15. Nxd2 Rf6 16. Nf1 f4 17. b4 Qd8 18. Qa4 Qf8 19.
b5 Nd8 20. Qxa7 Ne6 21. f3 Bh5 22. Re5 Bf7 23. Qa4 Bd6 24. Rxd5 $16 {1-0 Biro,
G-Nagy,H/HUN 1999/EXT 2000 (45)}) 15. Qa4 Qg6 16. Bb5 (16. Ne5 Nxe5 17. dxe5
Bc5 $40) (16. Be2 $5 Bd6 (16... Bh3 17. Bf1 Bd6 18. Qc2) 17. Nf1 Qh5 $44 (17...
f4 $5)) 16... Bd6 17. Bxc6 Rxc6 18. Ne5 $2 {[%mdl 16384]} Bxe5 19. dxe5 Nxd2
20. Bxd2 Bf3 21. g3 f4 $1 $19 {[%cal Yg6g4,Yg4h3][%mdl 132]} 22. Qa3 Kg8 23. c4
Qh5 {/\24...Qh2} 24. h4 Qg4 25. Kh2 Rh6 0-1

[Event "Moscow Aeroflot op-A"]
[Site "Moscow"]
[Date "2005.02.18"]
[Round "4"]
[White "Areshchenko, Alexander"]
[Black "Mamedyarov, Shakhriyar"]
[Result "1-0"]
[WhiteElo "2570"]
[BlackElo "2657"]
[Annotator "Huzman,A"]
[PlyCount "50"]
[EventDate "2005.02.15"]
[EventType "swiss"]
[EventRounds "9"]
[EventCountry "RUS"]
[SourceTitle "CBM 106"]
[Source "ChessBase"]
[SourceDate "2005.06.06"]
[SourceVersion "1"]
[SourceVersionDate "2005.06.06"]
[SourceQuality "1"]

1. e4 e5 2. Nf3 Nf6 3. Nxe5 d6 4. Nf3 Nxe4 5. d4 d5 6. Bd3 Bf5 7. c4 c6 8. O-O
Be7 9. Qc2 O-O 10. Ne5 Bd6 (10... Na6 11. a3 f6 12. Nf3) 11. a3 Na6 12. b4 (12.
f3 $2 Bxe5 13. dxe5 Qb6+ 14. Kh1 Nf2+ 15. Qxf2 Bxd3 $19) 12... Qh4 (12... Nc7
13. f3 Bxe5 14. dxe5 Bg6 15. Rd1 Ng5 16. Nc3 Nge6 17. Be3 $14) 13. Nc3 Rae8 (
13... Nxc3 $2 14. Bxf5 Qxd4 15. Bxh7+ Kh8 16. Nf3 Qg4 (16... Ne2+ 17. Qxe2 Qxa1
18. Bb2 $18) 17. c5 Bc7 18. h3 Qh5 19. Bd3 $16) 14. cxd5 Nxc3 15. Bxf5 Bxe5 (
15... Nxd5 $5 {This positional queen's sacrifice gave chances to equalize the
game:} 16. g3 (16. Re1 $5 Qh5 (16... Nf6 17. g3 Qxd4 (17... Qh5 18. Bf4 $16)
18. Bb2 Qb6 19. Nc4 Qd8 20. Red1 Nd5 21. Bxh7+ Kh8 22. Qf5 $1 $18) (16... g6
17. Bd3 Nac7 18. g3 Qh3 19. Bf1 Qh5 20. Be2 Qh3 21. Bg4 $140 Qxg4 22. Nxg4
Rxe1+ 23. Kg2 Rfe8 $44) 17. Bd2 Nac7) 16... Qxd4 17. Bb2 Qxb2 18. Qxb2 Bxe5 19.
Qc2 Bxa1 20. Rxa1 g6 21. Bd3 Nac7 $14) 16. dxe5 Nxd5 17. g3 Qh5 18. Bb2 $16 {
White has advantage due to the pair of bishops and his pawn majority on the
king's side.} f6 19. exf6 Nxf6 20. Rae1 Nc7 21. h4 Ncd5 $6 (21... Nfd5 22. Be4
(22. Bd7 Re7 23. Rxe7 Nxe7 24. Re1 $16)) 22. Be6+ Rxe6 (22... Kh8 23. Re5 Qf3
24. Rfe1 $16) 23. Rxe6 Nf4 (23... Qg4 24. Rfe1 Qh3 25. Bxf6 Nf4 $1 26. gxf4
Qg4+ 27. Kf1 Qh3+ 28. Ke2 $1 Qxe6+ 29. Be5 Rxf4 30. Kd1 Qd5+ (30... Rxh4 31. f4
$18) 31. Kc1 Rc4 32. Bc3 $18) 24. Re3 (24. Re7 $1 Nh3+ 25. Kh2 Ng5 26. f4 Ng4+
27. Kg1 Nf7 28. Qc3 $18) 24... Nh3+ 25. Kh2 $2 {I think that the text of the
game is mistakable.} (25. Kg2 Nd5 26. Qc4 b5 27. Qd4 $1 Nxe3+ 28. Qxe3 Qf5 29.
Bd4 $1 {[%csl Rf2]} Rf7 30. f3 $18 {[%csl Rh3]}) (25. Kh1 $1 Nd5 (25... Qd5+
26. f3 $18) 26. Qe2 Qf7 27. Re5 $18) 25... Nd5 (25... Ng4+ 26. Kxh3 Nxe3 27.
Qb3+ Nd5 $15) 1-0

[Event "Moscow Aeroflot op-A"]
[Site "Moscow"]
[Date "2005.02.16"]
[Round "2"]
[White "David, Alberto"]
[Black "Mamedyarov, Shakhriyar"]
[Result "1/2-1/2"]
[WhiteElo "2573"]
[BlackElo "2657"]
[Annotator "Huzman,A"]
[PlyCount "42"]
[EventDate "2005.02.15"]
[EventType "swiss"]
[EventRounds "9"]
[EventCountry "RUS"]
[SourceTitle "CBM 106"]
[Source "ChessBase"]
[SourceDate "2005.06.06"]
[SourceVersion "1"]
[SourceVersionDate "2005.06.06"]
[SourceQuality "1"]

1. e4 e5 2. Nf3 Nf6 3. Nxe5 d6 4. Nf3 Nxe4 5. d4 d5 6. Bd3 Bd6 7. O-O O-O 8. c4
c6 9. Re1 Re8 10. cxd5 cxd5 11. Nc3 Nxc3 12. Rxe8+ Qxe8 13. bxc3 b6 14. Qb3 (
14. Be3 Ba6 15. Ng5 h6 16. Bh7+ Kf8 17. Nf3 Nd7 18. Qc2 Qe7 19. Re1 Re8 20. Bf5
Nf6 21. Ne5 Qc7 22. Bf4 Bc8 23. Bd3 Re7 24. h3 Nd7 $11 {1/2-1/2 Carlsen,
M-Mamedyarov,S/Wijk aan Zee NED 2005/(50)}) 14... Be6 15. Ba3 (15. a4 Nc6 16.
Ba3 Na5 $11) 15... Bxa3 16. Qxa3 h6 17. Ne5 (17. Re1 Nd7 18. Qd6 Nf8 19. Ne5
Qd8 $11) 17... Nd7 18. Bb5 (18. f4 $5 Nxe5 (18... Qf8 19. Qb2 Rc8 20. Re1) 19.
fxe5 Qd8 20. Rf1 Qg5 $132) 18... Qf8 $11 19. Qxf8+ Nxf8 20. a4 Rc8 21. Ra3 Rc7
1/2-1/2

[Event "Moscow Aeroflot op-A"]
[Site "Moscow"]
[Date "2005.02.17"]
[Round "3"]
[White "Tseshkovsky, Vitaly"]
[Black "Motylev, Alexander"]
[Result "1/2-1/2"]
[WhiteElo "2581"]
[BlackElo "2665"]
[Annotator "Huzman,A"]
[PlyCount "64"]
[EventDate "2005.02.15"]
[EventType "swiss"]
[EventRounds "9"]
[EventCountry "RUS"]
[SourceTitle "CBM 106"]
[Source "ChessBase"]
[SourceDate "2005.06.06"]
[SourceVersion "1"]
[SourceVersionDate "2005.06.06"]
[SourceQuality "1"]

1. e4 e5 2. Nf3 Nf6 3. Nxe5 d6 4. Nf3 Nxe4 5. Nc3 Nxc3 6. dxc3 Be7 7. Be3 Nc6
8. Qd2 Ne5 9. O-O-O O-O 10. Kb1 Be6 11. Nd4 Nc4 (11... Bc4 $5 12. b3 Bxf1 13.
Rhxf1 Re8 14. h3 $14 {[%cal Gf2f4]}) 12. Bxc4 Bxc4 13. h4 Qd7 14. b3 (14. h5
Rfe8 15. h6 g6 16. Rhe1 $36 {[%cal Ge3g5]}) 14... Ba6 {White has advantage due
to the passive position of the Ba6. Now he develops initiative on the king's
side.} (14... Be6 15. h5 a5 16. h6 g6 17. Bg5 $36) 15. g4 Rfe8 (15... Qxg4 16.
Rhg1 Qh5 17. Bh6 Bf6 18. Bxg7 $1 Bxg7 19. Rg5 $16) 16. Nf5 Bf6 17. Bd4 $6 {
The hurry of White leads to the equal position.} (17. Rhe1 $1 Re6 18. Bd4 $36
Bxd4 19. Qxd4 f6 20. Qd5 Rae8 21. Nd4 c6 22. Qxe6+ Rxe6 23. Nxe6 $16) 17... Re2
18. Qf4 Qe6 $1 19. Ne3 (19. Nh6+ Kf8 (19... gxh6 20. Bxf6 Qe4 21. Qc1 (21. Qxe4
Rxe4 22. c4 b6 $11) 21... Rxf2 22. Bd4 Re2 $13) 20. Bxf6 Qxf6 21. Qxf6 gxf6 22.
f3 Rae8 $11) ({The best chance to fight for advantage was} 19. Qf3 $5 Re8 (
19... Bxd4 20. Nxd4 Qe4 (20... Qe8 21. Nxe2 Bxe2 22. Qxb7 $18) 21. Qg3 Rd2 22.
Rde1 $18) (19... Qe4 20. Qxe4 Rxe4 21. Bxf6 gxf6 22. Rhe1 Rae8 23. Rxe4 Rxe4
24. f3 Re5 25. c4 b6 $14) 20. g5 Bxd4 21. Nxd4 Qe4 22. Qg3 Rd2 23. Rde1 Qxe1+
24. Rxe1 Rxe1+ 25. Kb2 Rdd1 26. Qg4 $16) 19... Re8 20. c4 (20. Bxf6 Qxf6 21.
Qxf6 gxf6 22. Nd5 Rxf2 23. Nxc7 Ree2 24. Nxa6 (24. Rhf1 Bd3 $1 (24... Rh2 25.
Rxd6 Rxc2 26. Rd8+ Kg7 27. Ne8+ Kf8 28. Nxf6+ Ke7 29. Re8+ Kd6 30. Rd1+ Kc7 31.
Rd7+ Kb6 $11) 25. Rxf2 Bxc2+ 26. Kc1 Rxf2 27. Rxd6 Be4 $132) 24... bxa6 25.
Rxd6 Rxc2 26. Rxa6 Rxc3 27. Rxa7 Rg3 $11) 20... Bxd4 21. Rxd4 Qe5 $11 22. Rhd1
Qxf4 23. Rxf4 b6 24. Nd5 (24. Kc1 Bb7 25. Rg1 Re4 $15) 24... Rc8 25. Kc1 Re5
26. g5 Bb7 27. a4 (27. Rd3 b5 $5 $132) 27... Kf8 28. Rd3 Bxd5 29. cxd5 Ke7 30.
Rdf3 Rf8 31. Rc4 Kd7 32. Rcf4 Ke7 1/2-1/2

[Event "Groningen Harmonie"]
[Site "Groningen"]
[Date "2002.12.22"]
[Round "2"]
[White "Nijboer, Friso"]
[Black "Smeets, Jan"]
[Result "1-0"]
[WhiteElo "2556"]
[BlackElo "2461"]
[Annotator "Huzman,A"]
[PlyCount "99"]
[EventDate "2002.12.21"]
[EventType "tourn"]
[EventRounds "9"]
[EventCountry "NED"]
[EventCategory "10"]
[SourceTitle "CBM 093"]
[Source "ChessBase"]
[SourceDate "2003.04.01"]
[SourceVersion "1"]
[SourceVersionDate "2003.04.01"]
[SourceQuality "1"]

1. e4 e5 2. Nf3 Nf6 3. Nxe5 d6 4. Nf3 Nxe4 5. d4 d5 6. Bd3 Be7 7. O-O Nc6 8. c4
Nb4 9. Be2 O-O 10. Nc3 Bf5 11. a3 Nxc3 12. bxc3 Nc6 13. Re1 Bf6 14. Qb3 $146 (
14. cxd5 Qxd5 15. Bf4 (15. Nd2 Rfe8 16. Bf3 Qd7 17. Ne4 Be7 18. Ng3 Bg6 19. Ra2
Bf8 20. Rae2 Rxe2 21. Qxe2 Rd8 22. h4 $36 {1-0 Felgaer,R-Pacheco,M/Yucay 2001/
EXT 2002 (43)}) 15... Rac8 16. Nd2 Qd7 (16... Rfe8 17. Bf3 Rxe1+ 18. Qxe1 Qd7
19. Ne4 Be7 20. Qd1 Bd6 $1 21. Bxd6 cxd6 22. Ng3 Ne7 $1 23. Nxf5 Nxf5 $132 {
1/2-1/2 Short,N-Karpov,A/Prague 2002/CBM 89/[Huzman] (45)}) 17. Nb3 Rcd8 (17...
Rce8 18. Nc5 Qc8 19. Qa4 a5 20. Bf3 Rxe1+ 21. Rxe1 Nd8 22. Ne4 Bxe4 23. Rxe4 b6
24. Qc4 Ne6 25. Bg4 Qb7 26. Bf3 b5 27. Qe2 Nxf4 28. Rxf4 Qb6 $11 {1/2-1/2
Shirov,A-Kramnik,V/Monte Carlo 1999/CBM 69 ext (32)}) 18. Nc5 Qc8 19. Bf3 b6
20. Ne4 Bxe4 21. Bxe4 Ne7 22. Qf3 c6 23. h4 Ng6 24. Bg5 Bxg5 25. hxg5 Rd6 26.
Bf5 Qd8 27. Qg4 $14 {1-0 Stellwagen,D-Koneru,H/Wijk aan Zee 2003/CBM 93_01 (53)
}) (14. Bf4 Na5 (14... Rc8 15. Qa4 a6 16. Qb3 Na5 17. Qb4 Nxc4 (17... c5 18.
dxc5 Nc6 19. Qb3 Na5 20. Qb4 Nc6 21. Qb3 Na5 22. Qb4 {1/2-1/2 Ljubojevic,
L-Jussupow,A/Belgrade 1989/CBM 16 (22)}) 18. Qxb7 c5 19. Bxc4 dxc4 20. Be5 Qa5
21. d5 Bxe5 22. Nxe5 Qxc3 23. Rac1 Qb3 24. Qxa6 c3 25. Nc6 Ra8 26. Ne7+ Kh8 27.
Qc6 Bg6 28. Qxc5 $16 {1-0 Sax,G-Jurkovic,A/Nova Gorica 2002/CBM 86 ext (34)}) (
14... Ne7 $6 15. Qb3 $14 b6 16. cxd5 Nxd5 17. Be5 Bg4 $6 18. Rad1 Be7 $6 19. h3
Bh5 20. g4 $1 $16 {1-0 Kasparov,G-Sokolov,I/Sarajevo 2000/CBM 77/[Blatny,P] 
(26)}) 15. cxd5 Qxd5 16. Qa4 (16. Nd2 Qd7 17. Bf3 Rfe8 18. Ne4 Be7 19. Ng3 Bg6
20. Bg4 Qc6 21. Bf3 Qd7 22. Ra2 Bf8 23. Rae2 Rxe2 24. Qxe2 c6 25. h4 h6 26. h5
$36 {1-0 Polgar,J-Nielsen,P/Las Vegas 1999/CBM 72 (38)}) (16. Bxc7 Rac8 17. Be5
Rxc3 18. Bxf6 gxf6 19. Rc1 Rxc1 20. Qxc1 Re8 $132 {1/2-1/2 Sokolovs,A-Nielsen,
P/Germany 1998/GER-chT (30)}) (16. Bf1 b6 17. Ne5 Rad8 18. g4 Be4 19. Qe2 Bxe5
20. Bxe5 Nb3 21. Ra2 Bf3 22. Qe3 Na5 23. Rc2 f6 24. Bxc7 Rd7 25. Bg3 Bxg4 26.
Bg2 Qb3 27. Rcc1 Qf7 28. d5 Qh5 29. c4 $18 {1-0 Anand,V-Sokolov,I/Kopavogur
2000/EXT 2001 (56)}) (16. Ne5 c5 17. Bg4 $1 Bxg4 18. Nxg4 Qd8 19. Nxf6+ Qxf6
20. Be5 Qc6 21. dxc5 $14 {1/2-1/2 Adams,M-Dao Thien Hai/New Delhi/Theran 2000/
CBM 81/[Huzman] (57)}) 16... b6 17. Bxc7 (17. Rad1 Be6 18. Bd3 c6 19. Ne5 Qb3
20. Qxb3 Bxb3 21. Rb1 Rfe8 22. Re3 Bd5 $11 {1/2-1/2 Varga,Z-Drazic,S/Budapest
2001/CBM 83 ext (46)}) 17... Rfc8 18. Be5 Qb3 19. Qb4 Rxc3 20. Bxf6 gxf6 21.
Nh4 Bg6 22. Bf3 Rf8 23. Qe7 $16 {1/2-1/2 Benjamin,J-Nielsen,P/Las Vegas 1999/
CBM 72 (59)}) 14... Na5 15. Qb4 Nxc4 16. Bxc4 (16. Qxb7 c5 17. Bxc4 dxc4 {
-see game}) 16... dxc4 17. Qxb7 c5 (17... Be6 $5 18. Bf4 (18. Ne5 c5 $132) (18.
Qb5 Bd5 19. Ne5 Bxe5 20. Rxe5 c6 $11) 18... c5 19. Be5 Bd5 $14) 18. Be3 Re8 (
18... Be6 $5 $132 {[%cal Ye6d5]}) 19. Qb5 Rc8 20. Rad1 Bd3 21. Rc1 {[%cal
Gd4c5]} Qb6 $6 (21... Be4 $1 22. dxc5 (22. Nd2 cxd4 23. Nxe4 Rxe4 24. cxd4 Bxd4
25. Rxc4 Re5 $11) 22... Bxf3 23. gxf3 Qd5 24. Kg2 Re6 $44) 22. Qa4 h6 (22...
cxd4 $2 23. Bxd4 Rxe1+ 24. Rxe1 Qb8 25. Bxf6 gxf6 26. Nd4 $16) 23. dxc5 Qb3 24.
Qa5 $16 Kh7 (24... Qb7 $142) 25. h3 Qb7 26. Bd4 Be4 27. Re3 Bxd4 28. cxd4 Bd5
29. Qb4 Qa6 30. Rce1 Red8 31. Ne5 Qf6 32. Qc3 Rb8 33. Nxc4 Bxc4 34. Qxc4 Rxd4
35. Qc2+ g6 36. Rf3 Rf4 37. Rxf4 Qxf4 38. c6 $18 Rc8 39. Rc1 Rc7 40. Qc4 Qxc4
41. Rxc4 Kg7 42. Kh2 Kf6 43. Kg3 Ke5 44. Rc1 Kd5 45. Kf4 f6 (45... Rxc6 46.
Rxc6 Kxc6 47. Ke5 Kd7 48. Kf6 Ke8 49. Kg7 h5 50. Kf6 Kf8 51. f4 $1 Kg8 52. f5
$18) 46. h4 $1 h5 (46... Rxc6 47. Rxc6 Kxc6 48. h5 $1 $18) 47. g4 $1 hxg4 48.
Kxg4 a5 (48... Rxc6 49. Rxc6 Kxc6 50. f4 Kd7 51. f5 gxf5+ 52. Kxf5 Ke7 53. Kg6
$18) 49. f4 Ke4 50. a4 (50. a4 Kd5 51. f5 $18) 1-0